Statistiche per UEFA Euro 2020 Quiz

Clicka qui per fare il quiz!

Statistiche generali

  • Questo quiz è stato fatto 363 volte
  • Il punteggio medio è 21 su 24

Statistiche sulle risposte

GroupTeam% Corretto
AItalia
99%
FFrancia
95%
FGermania
95%
FPortogallo
95%
DInghilterra
94%
ASvizzera
94%
ESpagna
93%
BBelgio
91%
AGalles
91%
ATurchia
91%
ESvezia
90%
BDanimarca
88%
CAustria
87%
BRussia
86%
CUcraina
86%
CPaesi Bassi
85%
DCroazia
80%
FUngheria
79%
EPolonia
78%
BFinlandia
77%
D
Repubblica
Ceca
75%
C
Macedonia
del Nord
71%
DScozia
68%
ESlovacchia
68%

Distribuzione punteggi

Percentile per numero di risposta

Percentuale di utenti per punteggio

I tuoi punteggi nel tempo

Non hai fatto questo quiz